Norrlands jordarte, (Record no. 28223)

MARC details
000 -LEADER
fixed length control field 01155cam a22002891 4500
001 - CONTROL NUMBER
control field gs 47000344
003 - CONTROL NUMBER IDENTIFIER
control field DLC
005 - DATE AND TIME OF LATEST TRANSACTION
control field 20260227111353.0
008 - FIXED-LENGTH DATA ELEMENTS--GENERAL INFORMATION
fixed length control field 891025s1943 sw ab b 000 0 swe c
010 ## - LIBRARY OF CONGRESS CONTROL NUMBER
LC control number gs 47000344
035 ## - SYSTEM CONTROL NUMBER
System control number (OCoLC)20548448
040 ## - CATALOGING SOURCE
Original cataloging agency U.S. Geol. Survey. Libr.
Transcribing agency CU
Modifying agency CU
-- DLC
042 ## - AUTHENTICATION CODE
Authentication code premarc
050 00 - LIBRARY OF CONGRESS CALL NUMBER
Classification number QE282
Item number .A3 ser. C, no. 457
100 1# - MAIN ENTRY--PERSONAL NAME
Personal name Lundqvist, G.
Fuller form of name (Gösta),
Dates associated with a name 1894-1967.
245 10 - TITLE STATEMENT
Title Norrlands jordarte,
Statement of responsibility, etc. av G. Lundqvist ...
260 ## - PUBLICATION, DISTRIBUTION, ETC.
Place of publication, distribution, etc. Stockholm,
Name of publisher, distributor, etc. Kungl. boktryckeriet, P.A. Norstedt & söner,
Date of publication, distribution, etc. 1943.
300 ## - PHYSICAL DESCRIPTION
Extent 165, [1] p.
Other physical details illus. (incl. profiles) maps (2 fold., 1 in pocket) diagrs.
Dimensions 24 cm.
490 1# - SERIES STATEMENT
Series statement Sweden. Geologiska undersökningen. Ser. C. Avhandlingar och uppsatser,
Volume/sequential designation n:o 457. Årsbok 37 (1943) n:o 6
500 ## - GENERAL NOTE
General note At head of title: Sveriges geologiska undersökning.
504 ## - BIBLIOGRAPHY, ETC. NOTE
Bibliography, etc. note "Anförd litteratur": p. [158]-165.
650 #0 - SUBJECT ADDED ENTRY--TOPICAL TERM
Topical term or geographic name entry element Soils
Geographic subdivision Sweden
-- Norrland.
650 #0 - SUBJECT ADDED ENTRY--TOPICAL TERM
Topical term or geographic name entry element Physical geography
Geographic subdivision Sweden
-- Norrland.
650 #0 - SUBJECT ADDED ENTRY--TOPICAL TERM
Topical term or geographic name entry element Glacial epoch.
830 #0 - SERIES ADDED ENTRY--UNIFORM TITLE
Uniform title Ser. C--Avhandlingar och uppsatser ;
Volume/sequential designation n:o 457.
830 #0 - SERIES ADDED ENTRY--UNIFORM TITLE
Uniform title Årsbok (Sveriges geologiska undersökning) ;
Volume/sequential designation 37 : n:o 6.

No items available.

Powered by Koha